Diccionario histórico de Chile

保存先:
書誌詳細
主要な著者: Fuentes, Jordi (著者), Cortés, Lía (著者)
フォーマット: 図書
言語:スペイン語
出版事項: Santiago Del Pacífico 1963
版:1a. ed
主題:
タグ: タグ追加
タグなし, このレコードへの初めてのタグを付けませんか!

MARC

LEADER 00000cam a2200000 a 4500
001 UCC3459
003 CL-VaPUC
008 180518e19630000cl |||||||||||||||||spa|d
082 0 4 |a 983.03  |b FUE  |2 21 
100 0 |a Fuentes, Jordi  |e author  |9 597448 
700 0 |a Cortés, Lía  |e author  |9 597449 
245 1 0 |a Diccionario histórico de Chile 
250 |a 1a. ed 
300 |a 329 p 
942 |c BK 
945 |d 20180518 12:56:00  |a arojas 
260 |a Santiago  |b Del Pacífico  |c 1963 
650 0 |a Historia de Chile  |9 265473 
650 0 |a Diccionarios  |9 256200 
650 0 |a Glosarios  |9 261047 
583 |a last modification  |c 20180518 12:56:00  |k Rodrigo Vera 
999 |c 371157  |d 371155 
952 |0 0  |1 0  |3 erb  |4 0  |6 983_030000000000000_FUE_1963  |7 0  |8 X  |9 488056  |a BIBEDU  |b BIBEDU  |i 5469945  |o 983.03 FUE 1963  |p 5469945  |r 2023-01-13  |w 2019-11-24  |y BK_X  |z Catalogado en:20180518  |k EPE